000 00743nam a2200205 4500
008 011105s1993 enk engLO
020 _a0281046611
090 _aBX5059
_bEv1
245 1 0 _aEvangelical Anglicans :
_btheir role and influence in the church today /
_cedited by R. T. France and A. E. McGrath.
260 _aLondon :
_bSPCK,
_cc1993.
300 _aviii, 183 p.
610 2 4 _aAnglican Church
_xRelations
_xEvangelicalism.
610 2 4 _aChurch of England
_xHistory.
610 2 4 _aChurch of England
_xInfluences.
610 2 4 _aEvangelicalism
_xRelations
_xAnglican Church.
700 1 _aFrance, R. T.
700 1 _aMcGrath, A. E.
951 _p22111
_x00010636
_oBX5059/Ev1
_j070613111014812
_d2000-12-21
_cREF
999 _c4702
_d4702